Nimeä helsinkiläisen rakennuksen arkkitehti - Statistics

Yleistilastot
  • Tätä visaa on pelattu 23 kertaa
  • Keskiarvotulos 4 / 12
Vastaustilastot
Kuvavisa Vastaus % Oikein
Alvar Aalto
100%
Eliel Saarinen
77%
Carl Ludvig Engel
55%
Johan Sigrid Sirén
32%
Lars Sonck
27%
Raili ja Reima Pietilä
18%
Kaija ja Heikki Siren
14%
Theodor Höijer
14%
Timo ja Tuomo Suomalainen
14%
Onni Tarjanne
5%
Axel Hampus Dahlström
0%
Gustaf Nyström
0%
Ehtoja vastaavia visoja ei löytynyt
Tulosjakauma
Jokaisen tuloksen saaneiden osuus
Persentiili vastausten määrän mukaan
Tuloshistoriasi
Et ole pelannut tätä visaa